LEADER 01671nas 2200349 n 450 001 990008912070403321 005 20240229084342.0 035 $a000891207 035 $aFED01000891207 035 $a(Aleph)000891207FED01 035 $a000891207 091 $2CNR$aP 00091737 100 $a20090724a19599999km-y0itaa50------ba 101 0 $aita 110 $aauu-------- 200 1 $aAtti dell'Istituto di Scienza delle Costruzioni dell'Università di Pisa 207 1$a1959- 210 $aPisa$c[s.n.] 530 0 $aAtti dell'Istituto di Scienza delle Costruzioni dell'Università di Pisa 675 $a624 712 02$aUniversità di Pisa.$bIstituto di scienza delle costruzioni 801 0$aIT$bACNP$c20090723 859 4 $uhttp://acnp.cib.unibo.it/cgi-ser/start/it/cnr/dc-p1.tcl?catno=61159&person=false&language=ITALIANO&libr=&libr_th=unina1$zBiblioteche che possiedono il periodico 901 $aSE 912 $a990008912070403321 958 $aBiblioteca Centrale "F. Gasparini". Facoltà di Ingegneria. Università degli Studi di Napoli "Federico II"$b1964-1979;$eXb6$fFINBC FINAG 959 $aFINBC 959 $aFINAG 996 $aAtti dell'Istituto di Scienza delle Costruzioni dell'Università di Pisa$9799995 997 $aUNINA AP1 8 $6866-01$aNA104 Biblioteca Centrale "F. Gasparini". Facoltà di Ingegneria. Università degli Studi di Napoli "Federico II"$bXb6$ep.le Tecchio,80, 80125 Napoli (NA)$m0817682190;0817682195$m0817682188$nit AP2 40$aacnp.cib.unibo.it$nACNP Italian Union Catalogue of Serials$uhttp://acnp.cib.unibo.it/cgi-ser/start/it/cnr/df-p.tcl?catno=61159&language=ITALIANO&libr=&person=&B=1&libr_th=unina&proposto=NO